<?xml version="1.0" encoding="UTF-8"?>
<record
    xmlns:xsi="http://www.w3.org/2001/XMLSchema-instance"
    xsi:schemaLocation="http://www.loc.gov/MARC21/slim http://www.loc.gov/standards/marcxml/schema/MARC21slim.xsd"
    xmlns="http://www.loc.gov/MARC21/slim">

  <leader>01870naa a22002057a 4500</leader>
  <controlfield tag="001">232474</controlfield>
  <controlfield tag="003">ES-MaBCM</controlfield>
  <controlfield tag="005">20260224142043.0</controlfield>
  <controlfield tag="008">260224s2025    sp ||||| |||| 00| 0 spa d</controlfield>
  <datafield tag="040" ind1=" " ind2=" ">
    <subfield code="c">ES-MaBCM</subfield>
  </datafield>
  <datafield tag="100" ind1="1" ind2=" ">
    <subfield code="a">Paredes Casta&#xF1;&#xF3;n, Jos&#xE9; Manuel</subfield>
    <subfield code="9">35413</subfield>
  </datafield>
  <datafield tag="245" ind1="1" ind2="0">
    <subfield code="a">Pol&#xED;tica criminal y proceso pol&#xED;tico democr&#xE1;tico :</subfield>
    <subfield code="b">los l&#xED;mites de la racionalidad y el papel de los expertos</subfield>
    <subfield code="c">Jos&#xE9; Manuel Paredes Casta&#xF1;on</subfield>
  </datafield>
  <datafield tag="504" ind1=" " ind2=" ">
    <subfield code="a">Bibliograf&#xED;a: p. 106-110</subfield>
  </datafield>
  <datafield tag="520" ind1=" " ind2=" ">
    <subfield code="a">Aunque en la bibliograf&#xED;a reciente son abundantes los an&#xE1;lisis cr&#xED;ticos de los procesos legislativos en materia penal, sin embargo, lo m&#xE1;s usual es que la perspectiva adoptada sea bien un punto de vista estrictamente emp&#xED;rico (proporcionando una narraci&#xF3;n de dichos procesos), o bien uno de &#xED;ndole normativa (valorando la adecuaci&#xF3;n de los mismos y haciendo propuestas para mejorarlos). En cambio, no es frecuente que en dichos an&#xE1;lisis se presente una teor&#xED;a del proceso legislativo en cuestiones pol&#xED;tico-criminales que atienda a las caracter&#xED;sticas espec&#xED;ficas que el proceso pol&#xED;tico reviste en las democracias contempor&#xE1;neas de masas y de opini&#xF3;n p&#xFA;blica. Y que, por ello, permita comprender adecuadamente las din&#xE1;micas causales (sociol&#xF3;gicas, psicosociales y pol&#xED;ticas) que condicionan los resultados posibles del debate pol&#xED;tico-criminal real (no el de los te&#xF3;ricos, sino el de los actores pol&#xED;ticos) en tales sistemas pol&#xED;ticos, as&#xED; como el papel de los expertos dentro del mismo. Proponer un modelo para dicha teor&#xED;a es precisamente el objetivo de este trabajo.</subfield>
  </datafield>
  <datafield tag="650" ind1=" " ind2="7">
    <subfield code="a">Procedimiento legislativo</subfield>
    <subfield code="9">59901</subfield>
  </datafield>
  <datafield tag="650" ind1=" " ind2="7">
    <subfield code="a">Derecho penal</subfield>
    <subfield code="9">58346</subfield>
  </datafield>
  <datafield tag="650" ind1=" " ind2="7">
    <subfield code="a">Cambio de r&#xE9;gimen pol&#xED;tico</subfield>
    <subfield code="9">57801</subfield>
  </datafield>
  <datafield tag="773" ind1="0" ind2=" ">
    <subfield code="d">Valencia</subfield>
    <subfield code="g">N.38 (jun. 2025), p. [86]-111 - Loc S.516</subfield>
    <subfield code="t">Teor&#xED;a y derecho: revista de pensamiento jur&#xED;dico</subfield>
    <subfield code="w">154052</subfield>
  </datafield>
  <datafield tag="942" ind1=" " ind2=" ">
    <subfield code="2">udc</subfield>
    <subfield code="c">AREV</subfield>
  </datafield>
  <datafield tag="999" ind1=" " ind2=" ">
    <subfield code="c">232474</subfield>
    <subfield code="d">232474</subfield>
  </datafield>
  <datafield tag="952" ind1=" " ind2=" ">
    <subfield code="0">0</subfield>
    <subfield code="1">0</subfield>
    <subfield code="2">udc</subfield>
    <subfield code="4">0</subfield>
    <subfield code="7">0</subfield>
    <subfield code="a">BC</subfield>
    <subfield code="b">BC</subfield>
    <subfield code="c">SALA</subfield>
    <subfield code="d">2026-02-24</subfield>
    <subfield code="l">0</subfield>
    <subfield code="r">2026-02-24 14:20:54</subfield>
    <subfield code="w">2026-02-24</subfield>
    <subfield code="y">AREV</subfield>
  </datafield>
</record>
